| 000 | 01227nam a2200337Ia 4500 | ||
|---|---|---|---|
| 001 | ebr10053779 | ||
| 003 | CaPaEBR | ||
| 006 | m u | ||
| 007 | cr cn||||||||| | ||
| 008 | 991223s2000 nyu sb 001 0 eng d | ||
| 010 | _z 99462009 | ||
| 020 | _z0203906683 | ||
| 020 | _z0415926890 (alk. paper) | ||
| 020 | _z0415926904 (pbk. : alk. paper) | ||
| 040 |
_aCaPaEBR _cCaPaEBR |
||
| 035 | _a(OCoLC)50790853 | ||
| 050 | 1 | 4 |
_aBF697.5.S43 _bJ66 2000eb |
| 082 | 0 | 4 |
_a155.2 _221 |
| 100 | 1 | _aJopling, David A. | |
| 245 | 1 | 0 |
_aSelf-knowledge and the self _h[electronic resource] / _cDavid A. Jopling. |
| 260 |
_aNew York : _bRoutledge, _c2000. |
||
| 300 | _aix, 193 p. | ||
| 504 | _aIncludes bibliographical references (p. 181-188) and index. | ||
| 533 |
_aElectronic reproduction. _bPalo Alto, Calif. : _cebrary, _d2009. _nAvailable via World Wide Web. _nAccess may be limited to ebrary affiliated libraries. |
||
| 650 | 0 | _aSelf. | |
| 650 | 0 | _aSelf-perception. | |
| 650 | 0 | _aSelf-knowledge, Theory of. | |
| 655 | 7 |
_aElectronic books. _2local |
|
| 710 | 2 | _aebrary, Inc. | |
| 856 | 4 | 0 |
_uhttp://site.ebrary.com/lib/rucke/Doc?id=10053779 _zAn electronic book accessible through the World Wide Web; click to view |
| 999 |
_c178298 _d178298 |
||